000 00450nam a2200169Ia 4500
008 121102t1986 xxu||||| |||| 00| 0 sin d
041 _asin
080 _aX8S1
_bMIT
100 _aLal Miththrabandu
245 _aසෙබළෙකු ලියූ කවි
246 _aSebaleku Liyu Kavi
260 _bS.Godage Samagama
_aColombo 10
_c1986
300 _b32p., 21 cm
942 _cBK
999 _c77081
_d77081
003 LK-CoDNM
040 _aLK-CoDNM
_dLK-CoDNM
_eLK-CoDNM